Guess the country by the fact - Statistics

General Stats
  • This quiz has been taken 2,416 times
  • The average score is 7 of 15
Answer Stats
Question Answer % Correct
Which country is home to the world's largest rainforest? Brazil
92%
Which big South American country speaks Portuguese? Brazil
86%
Which country is home to Mount Everest? Nepal
83%
Which country is the smallest in the world? Vatican City
74%
Which is the largest island in the Caribbean sea? Cuba
64%
Which country has the largest land border with the U.K.? Ireland
59%
Which landlocked country is the largest? Kazakhstan
46%
Which country is covered with 91% forest? Suriname
36%
Which country is in all four hemispheres? Kiribati
35%
Which country has the most pyramids in the world? Sudan
33%
Which country is double landlocked other than Liechtenstein Uzbekistan
29%
Which country has 2 leaders from different countries? Andorra
27%
Which country has the most overseas territories? U.K.
27%
Which country shares France's biggest land border? Brazil
26%
Which country has the most cows per capita? Uruguay
12%
No matching quizzes found
Score Distribution
Percent of People with Each Score
Percentile by Number Answered
Your Score History
You have not taken this quiz